|
|
|
|
| LEADER |
00586cam a2200169 7i4500 |
| 001 |
0000018206 |
| 005 |
20100114090000.0 |
| 090 |
0 |
0 |
|a PHOT 338.7
|b MAL
|
| 110 |
2 |
0 |
|a Malaysia External Trade Development Corporation [MATRADE]
|
| 245 |
0 |
0 |
|a French buying mission [17-19 May 1999 : Wisma PKNS, Kuala Lumpur].
|
| 300 |
# |
# |
|a 17 Photographs:
|b Col..
|
| 500 |
0 |
0 |
|a Photographs
|
| 650 |
0 |
0 |
|a MATRADE --
|x Photograph collection --
|x 1999
|
| 650 |
0 |
0 |
|a Match making
|
| 650 |
0 |
0 |
|a Buying mission --
|z French
|
| 650 |
0 |
0 |
|a Azman Md Yusof
|
| 999 |
|
|
|a PC00000050
|b Photographs
|c Photographs
|e Business Information Centre
|